1813 1001 1557 1544 1156 1166 1618 1987 1895 1000 1389 1360 1926 1147 1745 1127 1822 1023 1934 1182 1414 1712 1804 1530 1560 1151 1145 1360 1480 1950 1658 1782 1206 1858 1372 1231 1389 1819 1642 1892 1879 1151 1554 1095 1019 1258 1123 1156 1845 1469 1054 1002 1643 1637 1169 1487 1571 1072 1151 1159 1213 1848 1457 1666 1019 1518 1836 1518 1342 1765 1684 1560 1891 1380 1801 1212 1957 1350 1065 1715 1151 1158 1754 1466 1833 1607 1482 1772 1799 1414 1691 1613 1688 1061 1980 1837 1009 1118 1672 BCNSPRNW ULIB Ver.6.0+V

เปลี่ยนเป็นภาษาไทย

Change to English
 แสดงรายละเอียดบรรณานุกรม
  กลับหน้าหลัก

Brief Record : Get Marc (ISO 2709) : E-mail record : QR code < ปิดหน้าต่าง
LEADER : 00000nas 2200000uu 4500
001    13399114172
003     ULIB
008    120228s||||||||th 000 0 tha d
022    ^a22290737
110    ^aเวชศาสตร์ป้องกันแห่งประเทศไทย
245    ^aวารสารสมาคมเวชศาสตร์ป้องกันแห่งประเทศไทย (วิทยาเขตนครสวรรค์)/^cเวชศาสตร์ป้องกันแห่งประเทศไทย
260    ^aพระนครศรีอยุธยา :^bห้องสมุดโรงพยาบาลพระนครศรีอยุธยา,^cม.ป.ป.
310    ^aรายสี่เดือน
850 ^a ULIB:campus^bปีที่ 2 ฉบับที่ 2 ;ปีที่ 2 ฉบับที่ 3 ;ปีที่ 3 ฉบับที่ 2 ;ปีที่ 5 ฉบับที่ 1 ฉ.1 ;ปีที่ 5 ฉบับที่ 2 ฉ.1 ;ปีที่ 7 ฉบับที่ 1 ฉ.1 ;ปีที่ 5 ฉบับที่ 2 ฉ.1 ;ปีที่ 6 ฉบับที่ 3 ฉ.1
945    ^p0^l0^i800068
945    ^p0^l0^i800111
945    ^p0^l0^i800373
945    ^p0^l0^i800490
945    ^p0^l0^i800714
945    ^p0^l0^i801498
945    ^p0^l0^i801499
945    ^p0^l0^i801976
945    ^p0^l0^i801977
945    ^p0^l0^i801978
999 ^a ใช้งานได้ทุกระบบ
รายการนี้ยังไม่มีแท็ก
คุณยังไม่ได้ล็อกอิน คุณสามารถมีกิจกรรมร่วมกับเว็บไซต์ได้ แต่ต้องล็อกอินก่อน ::
  ล็อกอิน

รายการสื่อสารสนเทศ (วารสาร)

ดูแบบ: กล่อง รายการ
ARRIVED
no call number
สถานที่: ห้องสมุดวิทยาเขตสวรรค์ประชารักษ์ >วารสาร
ARRIVED
ปีที่ 2 ฉบับที่ 2
สถานที่: ห้องสมุดวิทยาเขตสวรรค์ประชารักษ์ >วารสาร
ARRIVED
ปีที่ 2 ฉบับที่ 3
สถานที่: ห้องสมุดวิทยาเขตสวรรค์ประชารักษ์ >วารสาร
ARRIVED
ปีที่ 3 ฉบับที่ 2
สถานที่: ห้องสมุดวิทยาเขตนครสวรรค์ >วารสาร
ARRIVED
ปีที่ 5 ฉบับที่ 1 ฉ.1
สถานที่: ห้องสมุดวิทยาเขตนครสวรรค์ >วารสาร
ARRIVED
ปีที่ 5 ฉบับที่ 2 ฉ.1
สถานที่: ห้องสมุดวิทยาเขตนครสวรรค์ >วารสาร
ARRIVED
ปีที่ 7 ฉบับที่ 1 ฉ.1
สถานที่: ห้องสมุดวิทยาเขตนครสวรรค์ >วารสาร
ARRIVED
ปีที่ 6 ฉบับที่ 3 ฉ.1
สถานที่: ห้องสมุดวิทยาเขตนครสวรรค์ >วารสาร

BibComment


ยังไม่เคยถูกคอมเมนท์

คอมเมนท์ทรัพยากรรายการนี้
  คอมเมนท์: วารสารสมาคมเวชศา..


 Copyright 2026. Bcnsprnw @Library